| 000 | 00676nam a2200205Ia 4500 | ||
|---|---|---|---|
| 003 | GCL | ||
| 008 | 140319s9999 xx 000 0 eng d | ||
| 040 |
_aGCL / _cGCL |
||
| 082 | 0 | 4 |
_a327.73056 _bN F |
| 100 | 1 | _aNEFF, DONALD | |
| 245 | 1 | 0 |
_aFALLEN PILLARS: U.S POLICY TOWARDS PALESTINE AND ISRAEL SINCE 1945 / _cNEFF, DONALD |
| 260 |
_a[S.N] : _bINSTITUTE FOR PALESTINE STUDIES ، _c1995 |
||
| 300 | _a305 P | ||
| 650 | 0 | 4 | _aINTERNATIONAL RELATIONS |
| 650 | 0 | 4 | _aUNITED STATES - FOREIGN RELATIONS - PALESTINIEN |
| 650 | 0 | 4 | _aFOREIGN RELATION - PALESTINE |
| 650 | 0 | 4 | _aFOREIGN RELATION - ISRAEL |
| 650 | 0 | 4 | _aUNITED STATES - FOREIGN RELATIONS - ISRAEL |
| 942 |
_2ddc _cBK |
||
| 999 |
_c13343 _d13343 |
||